000
00288nam a2200121Ia 4500
008
241002s9999 xx 000 0 und d
082
_a
659.1 CHA
100
_a
Chase, James Hadley
245
0
_a
Trusted like the fox
260
_a
London:
_c
1964
600
_a
Applied Science
942
_c
UC
999
_c
18746
_d
18746